Normal view
MARC view
- Manuscritos mexicanos
Entry Materia
001 - NÚMERO DE CONTROL DEL REGISTRO
- campo de control: 17917
003 - IDENTIFICADOR DE NUMERO DE CONTROL
- campo de control: DLC
005 - FECHA Y HORA DE LA ÚLTIMA TRANSACCIÓN
- campo de control: 20240930135449.0
008 - DATOS DE LONGITUD FIJA
- campo de control de longitud fija: 240930n||acnnnbabn n ana |d
010 ## - NÚMERO DE CONTROL DE LA BIBLIOTECA DEL CONGRESO (LC)
- LC control number: sh 85080745
035 ## - NÚMERO DE CONTROL DEL SISTEMA
- Número de control del sistema: UPN10000017925
035 ## - NÚMERO DE CONTROL DEL SISTEMA
- Número de control del sistema: (DLC)sh 85080745
035 ## - NÚMERO DE CONTROL DEL SISTEMA
- Número de control del sistema: (DLC)77994
040 ## - FUENTE DE LA CATALOGACIÓN
- Lengua de catalogación: spa
- Agencia de transcripción: DLC
- Centro catalogador de origen: DLC
- Agencia de modificación: DLC
- Agencia de modificación: MX-MxUPN
150 ## - ENCABEZAMIENTO - TEMÁTICO
- Término de materia o nombre geográfico como elemento inicial: Manuscritos mexicanos
450 ## - VÉASE - MATERIA
- Encabezamiento temático: Mexicanos, Manuscritos
670 ## - FUENTE EN LA QUE SE LOCALIZARON DATOS
- Cita de la fuente: Autoridades LC, 30 septiembre 2024 :
- Información localizada: (Manuscripts, Mexican)
- Identificador Uniforme del Recurso: https://lccn.loc.gov/sh85080745
902 ## - CATALOGADOR
- Catalogador: MCM/240696
- Catalogador: MaríaRobles/300924
